Normal view
MARC view
- Molvi Muhammad Hussain Azad
Entry Personal Name
001 - CONTROL NUMBER
- control field: 127801
003 - CONTROL NUMBER IDENTIFIER
- control field: NUST
005 - DATE AND TIME OF LATEST TRANSACTION
- control field: 20250210121111.0
008 - FIXED-LENGTH DATA ELEMENTS
- fixed length control field: 250210|| aca||aabn | a|a d
040 ## - CATALOGING SOURCE
- Original cataloging agency: NUST
- Transcribing agency: NUST
100 ## - HEADING--PERSONAL NAME
- Personal name: Molvi Muhammad Hussain Azad
670 ## - SOURCE DATA FOUND
- Source citation: Work cat.: (NUST): Molvi Muhammad Hussain Azad, Aab e Hayat, 2015
